000
00279nam a22001217a 4500
008
171020b xxu||||| |||| 00| 0 eng d
041
_a
eng
080
_2
3 ED
_a
338
100
_a
54
101
_a
MEN
245
_a
MATERIALS MANAGING THE INCIDENT
_c
NOLL.G.G
942
_2
udc
_c
BK
999
_c
35070
_d
35070